[Event "BCF-ch Soanes U1750 op"]
[Site "Hull"]
[Date "2024.07.28"]
[Round "5"]
[White "Daly, Grant"]
[Black "Grasham, John"]
[Result "0-1"]
[WhiteElo "1599"]
[BlackElo "1685"]
[PlyCount "104"]
[EventDate "2024.07.26"]
[EventType "swiss"]
[EventRounds "5"]
[EventCountry "ENG"]
[SourceTitle "CBM 221 Extra"]
[Source "ChessBase"]
[SourceDate "2024.09.30"]
[SourceVersion "1"]
[SourceVersionDate "2024.09.30"]
[SourceQuality "1"]

1. d4 Nf6 2. c4 e6 3. Nc3 c5 4. d5 exd5 5. cxd5 d6 6. e4 Nbd7 7. Nf3 Be7 8. Bd3 a6 9. a4 b6 10. 0-0 0-0 11. Re1 Ne5 12. Nxe5 dxe5 13. Bg5 Bb7 14. Re3 Nxd5 15. exd5 Bxg5 16. Rxe5 Bf6 17. Rh5 g6 18. Rh3 Bxc3 19. bxc3 Qxd5 20. Qg4 Bc8 21. Bc4 Bxg4 22. Bxd5 Bxh3 23. Bxa8 Rxa8 24. gxh3 Rb8 25. c4 b5 26. axb5 axb5 27. cxb5 Rxb5 28. Rc1 f5 29. Kg2 Kf7 30. h4 Ke6 31. f4 Kd5 32. h5 gxh5 33. Kh3 Rb4 34. Kg3 h4+ 35. Kxh4 Rxf4+ 36. Kg5 Rf2 37. Rd1+ Kc6 38. h4 c4 39. h5 c3 40. h6 c2 41. Rc1 Kc5 42. Kf6 Kc4 43. Kg7 Kc3 44. Kxh7 Rg2 45. Kh8 Kb2 46. h7 f4 47. Rb1+ Kc3 48. Rb3+ Kd4 49. Rd3+ Ke4 50. Re3+ Kf5 51. Re5+ Kg4 52. Rg5+ Kxg5 0-1